000 00758nam a2200265Ia 4500
003 OSt
005 20221006160144.0
006 a|||||r|||| 00| 0
007 ta
008 221006b |||||||| |||| 00| 0 eng d
020 _a9788986090383
_c
_100.00
024 _a44,462
037 _bGift, KCC (Window on Korea)
_cTextual
040 _aEASL
_cEASL
_beng
041 _2eng
_aeng
082 _aM3.495, Q0
100 _aLee Hansang Ed.
_9672136
245 0 _aGold crowns of silla
_b Treasures from abrilliant age
260 _aSeoul
_bKorea foundation
_c2010
300 _a144p.
_ccm.
490 _v KEL
650 _aKEL
942 _hM3.495, Q0
_cTEXL
_2CC
999 _c1112554
_d1112554